[Event "Challenge"]
[Site "http://www.queenalice.com/game.php?id=1260603"]
[Date "2014.2.28"]
[Round "-"]
[White "BIGBEN"]
[Black "bady"]
[Result "1-0"]
[WhiteElo "1790"]
[BlackElo "1102"]

1. e4 e5 2. Nf3 d6 3. d4 exd4 4. Nxd4 Qe7 5. Bd3 d5 6. O-O dxe4 7. Bxe4 Qxe4 8.
Re1 Qxe1+ 9. Qxe1+ Be7 10. Bg5 Be6 11. Nxe6 Kd7 12. Bxe7 Nxe7 13. Nxg7 Nbc6 14.
Nc3 Rhg8 15. Rd1+ Kc8 16. Ne6 Re8 17. Nc5 b6 18. Nb3 h5 19. Nd5 Kb7 20. Nf6 Rf8
21. Nd4 Nc8 22. Qe4 Ka6 23. Qxc6 Rb8 24. Nd7 Ne7 25. Nxb8+ Rxb8 26. Nb5 Nxc6 27.
Nxc7+ Kb7 28. Nb5 Rd8 29. Rxd8 Nxd8 30. Kf1 f5 31. Nd6+ Kc6 32. Nxf5 Ne6 33. b3
Nf4 34. g3 Nh3 35. f4 a5 36. Kg2 Nxf4+ 37. gxf4 Kd5 38. Kf3 b5 39. Ke3 Kc5 40.
a3 b4 41. a4 Kd5 42. h4 Ke6 43. Ng3 Kd5 44. Nxh5 Ke6 45. Ke4 Kd6 46. f5 Ke7 47.
Ke5 Kf7 48. f6 Kg6 49. Nf4+ Kf7 50. h5 Kg8 51. Ke6 Kh7 52. f7 Kg7 53. Ke7 1-0

[Event "AUTO-OPEN-3248"]
[Site "http://www.queenalice.com/game.php?id=1279332"]
[Date "2014.5.6"]
[Round "1"]
[White "bady"]
[Black "Foliko"]
[Result "0-1"]
[WhiteElo "1095"]
[BlackElo "1850"]

1. e4 c6 2. Bc4 d5 3. exd5 cxd5 4. Bb5+ Nc6 5. Qh5 Nf6 6. Qg5 Qa5 7. Bd3 e6 8.
Nc3 h6 9. Qe3 d4 10. Qf4 e5 11. Qf3 dxc3 12. bxc3 Be7 13. a3 O-O 14. a4 Re8 15.
Bc4 e4 16. Qe3 Bf5 17. Qf4 Rad8 18. Qh4 Nd5 19. Qh5 Bg6 20. Qg4 Nxc3 21. Bb2 Bf6
22. dxc3 Bxc3+ 23. Bxc3 Qxc3+ 24. Ke2 Nd4+ 25. Kd1 Qxa1+ 26. Kd2 Nf3+ 27. Ke2
Qe1# 0-1

[Event "AUTO-OPEN-3248"]
[Site "http://www.queenalice.com/game.php?id=1279333"]
[Date "2014.5.6"]
[Round "1"]
[White "Foliko"]
[Black "bady"]
[Result "1-0"]
[WhiteElo "1861"]
[BlackElo "1093"]

1. e4 e5 2. Nf3 d6 3. d4 exd4 4. Nxd4 c5 5. Nb3 a6 6. Nc3 Nf6 7. Bg5 c4 8. Bxc4
Bg4 9. f3 Be6 10. Bxe6 fxe6 11. Qd2 Be7 12. O-O-O h6 13. Bh4 Nh5 14. Bxe7 Qxe7
15. f4 Nc6 16. f5 O-O 17. fxe6 Qxe6 18. g4 Qxg4 19. Rhg1 Qf3 20. Qxh6 Kf7 21.
Qg5 Ke8 22. Nd5 Ne5 23. Nc7+ Kf7 24. Rdf1 g6 25. Nd4 Kg7 26. Rxf3 Rac8 27. Nce6+
Kh7 28. Nxf8+ Kg7 29. Nxg6 Nxg6 30. Qxg6+ Kh8 31. Qxh5# 1-0

[Event "AUTO-OPEN-3248"]
[Site "http://www.queenalice.com/game.php?id=1279334"]
[Date "2014.5.6"]
[Round "1"]
[White "bady"]
[Black "pariolinius"]
[Result "0-1"]
[WhiteElo "1095"]
[BlackElo "1100"]

1. e4 e5 2. Nf3 Nc6 3. Nc3 Nf6 4. Bb5 Be7 5. g3 O-O 6. Ng5 Nd4 7. Ba4 b6 8. Bb3
Nxb3 9. cxb3 Bb7 10. f3 Nh5 11. Nh3 Bc5 12. Nb5 Ba6 13. Nc3 c6 14. g4 Qh4+ 15.
Nf2 Qxf2# 0-1

[Event "AUTO-OPEN-3248"]
[Site "http://www.queenalice.com/game.php?id=1279335"]
[Date "2014.5.6"]
[Round "1"]
[White "pariolinius"]
[Black "bady"]
[Result "1-0"]
[WhiteElo "1342"]
[BlackElo "1093"]

1. d4 d5 2. c4 dxc4 3. Nf3 Nf6 4. Nc3 Bg4 5. e3 g6 6. Bxc4 e6 7. O-O Bb4 8. a3
Bxc3 9. bxc3 Bf5 10. Ne5 a6 11. Re1 h5 12. Rb1 Bxb1 13. Qb3 b6 14. Qxb1 h4 15.
Bxe6 fxe6 16. Qxg6+ Ke7 17. a4 a5 18. Ba3+ Qd6 19. Bxd6+ cxd6 20. Qg7+ Kd8 21.
Qxh8+ Ke7 22. Qg7+ Kd8 23. Qxf6+ Kc7 24. Qe7+ Nd7 25. Qxd7+ Kb8 26. Nc6# 1-0

[Event "AUTO-OPEN-3248"]
[Site "http://www.queenalice.com/game.php?id=1279336"]
[Date "2014.5.6"]
[Round "1"]
[White "bady"]
[Black "novoselic"]
[Result "0-1"]
[WhiteElo "1091"]
[BlackElo "1983"]

1. Nf3 d6 2. Nh4 e5 3. Nf3 e4 4. Nd4 Nf6 5. e3 d5 6. Bb5+ c6 7. Ba4 b5 8. Bb3 c5
9. Nxb5 Qb6 10. Ba4 Bd7 11. N5c3 Nc6 12. b3 d4 13. Nb5 a6 14. N5a3 Bd6 15. Nc4
Qc7 16. c3 d3 17. g3 O-O-O 18. Ba3 Bg4 19. Qc1 Nh5 20. O-O Bf3 21. b4 Nxg3 22.
hxg3 Bxg3 23. Rd1 Bxf2+ 24. Kxf2 Qh2+ 25. Kf1 Qh1+ 26. Kf2 Qg2+ 27. Ke1 Qe2# 0-1

[Event "AUTO-OPEN-3248"]
[Site "http://www.queenalice.com/game.php?id=1279337"]
[Date "2014.5.6"]
[Round "1"]
[White "novoselic"]
[Black "bady"]
[Result "1-0"]
[WhiteElo "2053"]
[BlackElo "1085"]

1. e4 e5 2. Nf3 d6 3. d4 Nf6 4. Nc3 Ng4 5. h3 Nf6 6. dxe5 Nc6 7. exf6 Qxf6 8.
Bg5 Qg6 9. Bd3 Qh5 10. O-O f6 11. Be3 Nb4 12. a3 Nc6 13. Nd4 Qe5 14. f4 Qc5 15.
Nf5 Qa5 16. b4 g6 17. bxa5 a6 18. Bc4 Nxa5 19. Ba2 gxf5 20. Qd5 Nc6 21. Qf7+ Kd8
22. Qxf6+ Be7 23. Qxh8+ Kd7 24. exf5 d5 25. Rfd1 Bxa3 26. Rxd5+ Ke7 27. Bc5+
Bxc5+ 28. Rxc5 Kd7 29. Rd1+ Ke7 30. f6# 1-0

[Event "AUTO-BEG-608"]
[Site "http://www.queenalice.com/game.php?id=1280416"]
[Date "2014.5.9"]
[Round "1"]
[White "Laucin"]
[Black "bady"]
[Result "0-1"]
[WhiteElo "1162"]
[BlackElo "1083"]

1. a4 Nc6 2. Nc3 Nd4 3. Nd5 c6 4. Nf4 e5 5. Nh5 d5 6. a5 a6 7. c3 Nb5 8. Nf3 Bg4
9. Ng1 Bxh5 10. Ra3 Qg5 11. Rb3 Nd6 12. Rb4 c5 13. Rb3 Rb8 14. Qc2 c4 15. Rb6
Ne4 16. d3 Qg4 17. dxe4 dxe4 18. b4 Nf6 19. b5 axb5 20. a6 Qd7 21. Bd2 Bc5 22.
a7 Ra8 23. Rxf6 gxf6 24. Bh6 Rxa7 25. e3 Ra1+ 26. Qd1 Qxd1# 0-1

[Event "AUTO-BEG-608"]
[Site "http://www.queenalice.com/game.php?id=1280417"]
[Date "2014.5.9"]
[Round "1"]
[White "bady"]
[Black "Laucin"]
[Result "1-0"]
[WhiteElo "1090"]
[BlackElo "1270"]

1. e4 Nf6 2. f3 Nc6 3. Bb5 Nb4 4. d3 h5 5. f4 h4 6. Nf3 Rh5 7. Bc4 Ng4 8. c3 Nc6
9. h3 Nf6 10. e5 Nh7 11. Be3 a5 12. Bb5 Nb8 13. d4 c6 14. Ba4 b5 15. Bb3 a4 16.
Bc2 Ra6 17. Na3 Ra5 18. c4 b4 19. Nb1 a3 20. bxa3 bxa3 21. Nc3 e6 22. Rb1 Be7
23. Rxb8 Bb4 24. Rxb4 Kf8 25. c5 Qe8 26. Rb8 Ra6 27. Qd3 Ra5 28. O-O Ra7 29. Bb3
g6 30. Bc4 g5 31. fxg5 Rc7 32. g6 fxg6 33. Rfb1 d6 34. R1b3 Ra7 35. exd6 Rd7 36.
Rxa3 Nf6 37. Ne5 Rd8 38. Nxg6+ Kg8 39. Ra7 Bd7 40. Rbb7 Rh7 41. Bg5 Qf8 42. Nxf8
Rxf8 43. Bxf6 Rxf6 44. Rxd7 Rhf7 45. Qd1 Rf4 46. Ra8+ Rf8 47. Rdd8 Rf7 48. Bxe6
Kh8 49. Bxf7 Kh7 50. Rxf8 Kh6 51. d7 Kg5 52. d8=Q+ Kh6 53. Qxh4+ Kg7 54. Qdg4#
1-0

[Event "AUTO-BEG-608"]
[Site "http://www.queenalice.com/game.php?id=1280432"]
[Date "2014.5.9"]
[Round "1"]
[White "ALDROB"]
[Black "bady"]
[Result "1-0"]
[WhiteElo "1847"]
[BlackElo "1089"]

1. c4 c6 2. d4 Nf6 3. Nc3 h6 4. e4 Qa5 5. Bd2 Qb4 6. Qc2 Ng4 7. h3 Nf6 8. Nd5
Qd6 9. e5 Qe6 10. Nc7+ Kd8 11. Nxe6+ dxe6 12. exf6 gxf6 13. O-O-O Na6 14. Nf3 h5
15. Bf4 Nb4 16. Qa4 Na6 17. d5 Bd7 18. dxc6 Nc5 19. Qa5+ b6 20. Qb5 Rc8 21. cxd7
Rc7 22. Bxc7+ Kxc7 23. d8=Q+ Kb7 24. Rd7+ Nxd7 25. Qdxd7+ Kb8 26. Qa6 Bh6+ 27.
Kb1 Rc8 28. Qdxc8# 1-0

[Event "AUTO-BEG-608"]
[Site "http://www.queenalice.com/game.php?id=1280433"]
[Date "2014.5.9"]
[Round "1"]
[White "bady"]
[Black "ALDROB"]
[Result "0-1"]
[WhiteElo "1087"]
[BlackElo "1847"]

1. e4 e5 2. Nf3 Nc6 3. Bb5 a6 4. Bc4 Nf6 5. Ng5 d5 6. exd5 Na5 7. d3 Nxc4 8.
dxc4 h6 9. Nf3 Bg4 10. Qd3 e4 11. Qc3 exf3 12. gxf3 Qe7+ 13. Be3 Bh5 14. f4 Ne4
15. Qa5 Qb4+ 16. Qxb4 Bxb4+ 17. c3 Bf3 18. Rg1 Bd6 19. Rxg7 O-O-O 20. Rxf7 Rhg8
21. Kf1 Rg2 22. Rh7 Rxh2 23. Rg7 Rh1+ 24. Rg1 Rxg1+ 25. Kxg1 Rg8+ 26. Kh2 Rg2+
27. Kh3 Ng5+ 28. fxg5 Rh2# 0-1

[Event "AUTO-OPEN-3331"]
[Site "http://www.queenalice.com/game.php?id=1309398"]
[Date "2014.9.20"]
[Round "1"]
[White "Paraucho"]
[Black "bady"]
[Result "1-0"]
[WhiteElo "2091"]
[BlackElo "1096"]

1. e4 e5 2. Nf3 d6 3. Bc4 Bg4 4. h3 Bxf3 5. Qxf3 Nh6 6. d4 Nc6 7. c3 exd4 8.
Bxh6 f6 9. Bd2 Ne5 10. Qe2 h6 11. cxd4 Nc6 12. Bb5 d5 13. O-O a6 14. exd5+ Kf7
15. Qe6+ Kg6 16. Bd3+ Kh5 17. Qg4# 1-0

[Event "AUTO-OPEN-3331"]
[Site "http://www.queenalice.com/game.php?id=1309399"]
[Date "2014.9.20"]
[Round "1"]
[White "bady"]
[Black "Paraucho"]
[Result "0-1"]
[WhiteElo "1092"]
[BlackElo "2034"]

1. e3 c6 2. d4 d5 3. Bd3 Qb6 4. Qd2 g6 5. b3 Bg7 6. Nc3 Nf6 7. Na4 Qc7 8. Nc5 b6
9. Nf3 bxc5 10. dxc5 e5 11. Ba3 e4 12. Bxe4 Nxe4 13. Qd3 Bxa1 14. Ng5 Nxg5 15.
h4 Bf5 16. Qd2 Ne4 17. Qd4 Bxd4 0-1

[Event "AUTO-OPEN-3331"]
[Site "http://www.queenalice.com/game.php?id=1309422"]
[Date "2014.9.20"]
[Round "1"]
[White "BobbySponja"]
[Black "bady"]
[Result "1-0"]
[WhiteElo "1878"]
[BlackElo "1094"]

1. e4 e5 2. Bc4 Qg5 3. Nf3 Qf4 4. d4 Qxe4+ 5. Qe2 Qg4 6. Bxf7+ Kxf7 7. Nxe5+ Ke7
8. Nxg4+ Kf7 9. Qc4+ Ke8 10. Qxc7 Na6 11. Qe5+ Ne7 12. Nc3 Nb4 13. Qe2 d5 14.
Bg5 Bxg4 15. Qb5+ Nbc6 16. Bxe7 Bxe7 17. Qxb7 Rc8 18. O-O Kf7 19. Nxd5 Rhe8 20.
Nxe7 Nxe7 21. Rac1 Be2 22. Rfe1 Bg4 23. f3 1-0

[Event "AUTO-OPEN-3331"]
[Site "http://www.queenalice.com/game.php?id=1309423"]
[Date "2014.9.20"]
[Round "1"]
[White "bady"]
[Black "BobbySponja"]
[Result "0-1"]
[WhiteElo "1100"]
[BlackElo "1866"]

1. Nc3 e5 2. e4 Nc6 3. Nd5 Bc5 4. Qh5 Nf6 5. Qg5 Bxf2+ 6. Kxf2 Nxe4+ 7. Kf3
Nxg5+ 8. Ke2 Nd4+ 9. Kd3 d6 10. c3 Bf5+ 11. Kc4 b5+ 12. Kb4 c5+ 13. Ka3 Qa5# 0-1

[Event "AUTO-BEG-615"]
[Site "http://www.queenalice.com/game.php?id=1310221"]
[Date "2014.9.24"]
[Round "1"]
[White "amgoncal"]
[Black "bady"]
[Result "0-1"]
[WhiteElo "1319"]
[BlackElo "1104"]

1. d4 d5 2. Nc3 Nf6 3. Qd3 g6 4. Nf3 Bg7 5. Bf4 Ng4 6. h3 Nf6 7. g4 h6 8. g5
hxg5 9. Nxg5 Bf5 10. Qd2 Nc6 11. Bg2 e6 12. f3 Bh6 13. h4 Nb4 14. O-O Qd7 15. e4
dxe4 16. fxe4 Bg4 17. Be5 Bg7 18. a3 Na6 19. b4 Rxh4 20. Nd5 exd5 21. Bxf6 Bh6
22. e5 c6 23. Be7 Qxe7 24. Rxf7 Qxg5 25. Qf2 Rc8 26. Rf1 Bf5 27. c4 Rc7 28. Rf6
Re7 29. b5 Qh5 30. Qxf5 gxf5 31. cxd5 Nc7 32. d6 Nxb5 33. dxe7 Nxd4 34. Rd6 Be3+
35. Rf2 Ne2+ 36. Kf1 Rh1+ 37. Bxh1 Ng3+ 38. Ke1 Qxh1+ 39. Rf1 Nxf1 40. e6 Nd2+
41. Ke2 Qf3+ 0-1

[Event "AUTO-BEG-615"]
[Site "http://www.queenalice.com/game.php?id=1310222"]
[Date "2014.9.24"]
[Round "1"]
[White "bady"]
[Black "amgoncal"]
[Result "1-0"]
[WhiteElo "1129"]
[BlackElo "1131"]

1. e4 e5 2. Qh5 Nc6 3. Bb5 Bd6 4. Nf3 Qf6 5. g3 g6 6. Qh4 h6 7. d3 g5 8. Qh5 Qg6
9. Qg4 Nf6 10. Qh3 h5 11. Bxg5 Nd4 12. Nxd4 Qxg5 13. Nc3 a6 14. Bc4 b5 15. Bd5
c6 16. Bb3 c5 17. Nf5 Qg4 18. Nxd6+ Ke7 19. Qf1 Kxd6 20. h3 Qf3 21. Rg1 c4 22.
dxc4 Nxe4 23. Rd1+ Ke6 24. cxb5+ d5 25. Nxd5 Nd6 26. Rd3 Qe4+ 27. Kd2 Nxb5 28.
f3 Qf5 29. Ne3+ Kf6 30. Nxf5 Bxf5 31. Rd7 Nd4 32. f4 e4 33. Rd6+ Ke7 34. Rxd4
Rhd8 35. Qc4 Kf6 36. Qc6+ Be6 37. Qxe4 Ke7 38. g4 Ra7 39. Rd1 hxg4 40. hxg4 Kf8
41. f5 Rad7 42. Ke3 Ke7 43. Rxd7+ Rxd7 44. Rxd7+ Kxd7 45. fxe6+ 1-0

[Event "AUTO-BEG-615"]
[Site "http://www.queenalice.com/game.php?id=1310241"]
[Date "2014.9.24"]
[Round "1"]
[White "bady"]
[Black "ByZam"]
[Result "0-1"]
[WhiteElo "1154"]
[BlackElo "1105"]

1. e4 c5 2. c4 e6 3. d3 Nc6 4. Qa4 Nf6 5. Nf3 Be7 6. e5 Ng4 7. Nc3 Ngxe5 8. Qb5
Nxf3+ 9. Ke2 Nfd4+ 10. Ke3 Nxb5 11. Nxb5 Bg5+ 12. f4 Bh6 13. g3 d5 14. b3 dxc4
15. bxc4 a6 16. Nc3 Qd4+ 17. Kd2 Bxf4+ 18. gxf4 Qxf4+ 19. Kc2 Nd4+ 20. Kb2 Qf2+
21. Ka3 Nc2+ 22. Kb2 Nxa1+ 23. Kxa1 Qc2 24. Bh3 Qxc3+ 25. Kb1 Qxd3+ 26. Kb2 Qxh3
27. Bg5 Qg2+ 28. Kc3 Qxh1 29. Bd2 Qa1+ 30. Kb3 b5 31. Bc3 Qxc3+ 32. Kxc3 e5 33.
h4 bxc4 34. h5 O-O 35. a3 f5 36. Kxc4 f4 37. Kxc5 f3 38. Kd5 f2 39. Kxe5 f1=Q
40. Kd6 Qf5 41. Ke7 Qf6# 0-1

[Event "AUTO-BEG-615"]
[Site "http://www.queenalice.com/game.php?id=1310242"]
[Date "2014.9.24"]
[Round "1"]
[White "ByZam"]
[Black "bady"]
[Result "1-0"]
[WhiteElo "1276"]
[BlackElo "1113"]

1. e4 e5 2. Nf3 d6 3. d4 exd4 4. Nxd4 d5 5. exd5 Qxd5 6. Nc3 Qe5+ 7. Qe2 f6 8.
Qxe5+ fxe5 9. Nf3 Nc6 10. Bc4 Bb4 11. Bd2 Nd4 12. Nxd4 exd4 13. Nb5 Bd6 14. Nxd4
Nf6 15. O-O Be5 16. Rfe1 Nd7 17. Nf3 Rf8 18. Nxe5 Nc5 19. Ng6+ Kd8 20. Nxf8 Bf5
21. Bg5+ Kc8 22. Re8# 1-0

[Event "Challenge"]
[Site "http://www.queenalice.com/game.php?id=1333711"]
[Date "2015.1.8"]
[Round "-"]
[White "jesus_vieira"]
[Black "bady"]
[Result "1-0"]
[WhiteElo "1496"]
[BlackElo "1159"]

1. d4 d5 2. Bf4 h6 3. Nf3 Bg4 4. e3 g6 5. h3 Bf5 6. Be5 Rh7 7. Nc3 f6 8. Bg3 e6
9. Bd3 Nc6 10. Bxf5 exf5 11. a3 h5 12. Nb5 Bd6 13. Nxd6+ cxd6 14. Qd3 Qa5+ 15.
Nd2 Qc7 16. O-O-O h4 17. Bh2 Na5 18. Qb5+ Kd8 19. Qxd5 Rd7 20. Qxg8+ Ke7 21.
Qxa8 a6 22. Qg8 g5 23. Qd5 b6 24. Qxf5 b5 25. Ne4 Kd8 26. Qxf6+ Kc8 27. Qf8+ Rd8
28. Nxd6+ Kb8 29. Qxd8+ Qxd8 30. Nf7+ Kc8 31. Nxd8 Kxd8 32. f4 gxf4 33. Bxf4 Nc4
34. Bg5+ Kd7 35. Bxh4 Nxe3 36. Rd2 a5 37. Re1 Nxg2 38. Re7+ Kd6 39. Bg5 Kd5 40.
Rxg2 b4 41. axb4 axb4 42. Bf6 Kd6 43. h4 Kd5 44. Rg5+ Kc4 45. b3+ Kc3 46. Rc7#
1-0

[Event "Let's Play Chess!"]
[Site "http://www.queenalice.com/game.php?id=1359539"]
[Date "2015.5.15"]
[Round "-"]
[White "Bategoll"]
[Black "bady"]
[Result "1-0"]
[WhiteElo "1936"]
[BlackElo "1156"]

1. d4 d5 2. e3 Nc6 3. Nf3 Bg4 4. Be2 Nb4 5. c3 Nc6 6. Na3 Nf6 7. Nc2 Ne4 8. a3
Na5 9. Ne5 Bf5 10. Bb5+ c6 11. Bd3 Nd6 12. Bxf5 Nxf5 13. O-O g6 14. Nb4 f6 15.
Ned3 h5 16. Nc5 Qc8 17. Bd2 Nc4 18. Rb1 h4 19. a4 Bh6 20. Bc1 b6 21. Ncd3 a5 22.
Nc2 Bg5 23. h3 e6 24. f4 Bh6 25. b3 1-0

[Event "Let's Play Chess!"]
[Site "http://www.queenalice.com/game.php?id=1359560"]
[Date "2015.5.15"]
[Round "-"]
[White "bady"]
[Black "welshlass"]
[Result "1-0"]
[WhiteElo "1143"]
[BlackElo "1131"]

1. e4 e5 2. Nf3 Nc6 3. Bb5 Nf6 4. d3 Bc5 5. O-O Ng4 6. h3 Nxf2 7. Rxf2 Bxf2+ 8.
Kxf2 d5 9. exd5 Qxd5 10. Nc3 Qe6 11. Qe1 O-O 12. Ne4 Nb4 13. Qxb4 1-0